Normal view
MARC view
- Taha, Hamdy A.
Entry Personal Name
001 - CONTROL NUMBER
- control field: 739
003 - CONTROL NUMBER IDENTIFIER
- control field: OSt
005 - DATE AND TIME OF LATEST TRANSACTION
- control field: 20160702111229.0
008 - FIXED-LENGTH DATA ELEMENTS
- fixed length control field: 160702|| aca||aabn | a|a d
040 ## - CATALOGING SOURCE
- Original cataloging agency: OSt
- Transcribing agency: OSt
100 ## - HEADING--PERSONAL NAME
- Personal name: Taha, Hamdy A.
670 ## - SOURCE DATA FOUND
- Source citation: Work cat.: (OSt): Taha, Hamdy A., Operations Research An Introduction, 2012
